National Geography Bee Quiz Stats

 Plays Quiz not verified by Sporcle

Challenge
Share
Tweet
Embed
Score 0/16 Timer 05:00
0 Plays Today
Question Answer Wrong Answers
What is the capital of the United Kingdom? London
96.4%
Swansea
0%
Birmingham
1.6%
Manchester
1%
What is the last country alphabetically? Zimbabwe
95.7%
Zambia
2.2%
Yemen
0%
Uzbekistan
1.1%
What is the country with the biggest population? China
95.3%
Russia
2.6%
Cuba
1%
Algeria
0.5%
What is the capital of Panama? Panama City
94.8%
San Jose
1%
San Juan
1.6%
Tegucigalpa
1.6%
What is the first country alphabetically Afghanistan
94.3%
Andorra
2.6%
Argentina
1.6%
Armenia
0.5%
Which US state has the lowest population density? Alaska
90%
Hawaii
3.3%
Maine
0%
North Dakota
0%
What continent is the country Macedonia on? Europe
87%
Asia
4.7%
North America
0.5%
Africa
6.3%
What is the capital of the country Georgia? Tbilisi
83.9%
Zagreb
7.3%
Ljubljana
3.6%
Moscow
2.6%
What is the capital of Indonesia? Jakarta
83.3%
Beijing
0%
Bangkok
10%
Chang Mai
0%
What country is north of Nicaragua? Honduras
80.7%
Costa Rica
9.4%
Panama
5.2%
Trinidad and Tobago
3.6%
What is the capital of Ghana? Accra
80.2%
Yaounde
10.4%
Victoria
3.1%
Windhoek
4.7%
What Country is southeast of Sierra Leone? Liberia
78.6%
Algeria
5.2%
Mauritania
11.5%
Egypt
4.2%
Which country in africa has the highest population density? Nigeria
76.7%
South Africa
13.3%
Egypt
3.3%
Cameroon
0%
What is the capital of Honduras? Tegucigalpa
71.6%
El Dorado
6.3%
Honduras City
18.9%
San Jose
1.1%
Windhoek is the capital of which african country? Namibia
66.7%
Lesotho
10%
Swaziland
13.3%
Ethiopia
6.7%
Saguaro national park is located in what state? Arizona
66.7%
California
10%
Nevada
0%
New Mexico
16.7%

You're not logged in!

Compare scores with friends on all Sporcle quizzes.
Join for Free
OR
Log In

You Might Also Like...

Show Comments

Extras

Created Jan 12, 2017ReportFavoriteNominate
Tags:bee, national

Top Quizzes Today


Score Distribution

Your Account Isn't Verified!

In order to create a playlist on Sporcle, you need to verify the email address you used during registration. Go to your Sporcle Settings to finish the process.

Report this User

Report this user for behavior that violates our Community Guidelines.

Details: